000 01220nam0a2200313 4500
001 RU\NLR\bibl\1122464
005 20250615065104.0
010 _a978-5-85941-137-5
_9500
021 _aRU
_b2007-48511
_92574
035 _a(NLR Aleph) 001109427
090 _a1228658
_c1228658
100 _a20070830d2007 |||y0rusy50 ca
101 0 _arus
102 _aRU
105 _ac |||||||||
200 1 _aЗерновые бобовые культуры: особенности возделывания, хранения, переработки и потребления
_fМ.М. Токбаев
210 _aНальчик
_cНасып
_d2007
215 _a122, [1] с.
_d21
320 _aБиблиогр.: с. 116-119 (76 назв.)
606 1 _aЗерновые бобовые растения
_xПереработка
_92485916
_3RU\NLR\auth\661475364
606 1 _aЗерновые бобовые растения
_xКультура
_92129828
_3RU\NLR\auth\661285054
686 _aЛ821.91
686 _aП213-4
700 1 _aТокбаев
_bМ. М.
_f1961-
_gМуштафа Мухадинович
_4070
801 0 _aRU
_bNLR
_c20070830
_gRCR
801 1 _aRU
_bNLR
_c20070830
942 _cBOOK
980 _aNB